| Tag |
First Indicator |
Second Indicator |
Subfields |
| LEADER |
00000cam a2200000 4500 |
| 001 |
in00000035597 |
| 005 |
20151007062044.0 |
| 008 |
720711m19251952enkcfh 00110beng u |
| 010 |
|
|
|a 25021613
|
| 035 |
|
|
|a (OCoLC)00352605
|
| 035 |
|
|
|9 AAD3846AM
|
| 040 |
|
|
|c WSU
|d TXA
|d UtOrBLW
|
| 049 |
|
|
|a TXAM
|c 1
|v 1 [179902]
|v 2 [179903]
|v 3 [179904]
|v 4 [179905]
|v 5 [179906]
|v 6 [173776]
|v 7 [173777]
|v 8 [173778]
|v 9 [201543]
|v 10 [201544]
|v 11 [222673]
|c 2
|v 11 [422078]
|
| 050 |
|
0 |
|a PR2601
|b .H4
|
| 092 |
|
|
|a 822
|b J81
|
| 100 |
1 |
|
|a Jonson, Ben,
|d 1573?-1637.
|
| 245 |
1 |
0 |
|a Ben Jonson /
|c ed., by C. H. Herford and Percy Simpson ...
|
| 264 |
|
1 |
|a Oxford :
|b The Clarendon Press,
|c 1925-52.
|
| 300 |
|
|
|a 11 volumes :
|b frontispiece (volumes 1: portrait) plates (part double) facsimiles ;
|c 24 cm.
|
| 336 |
|
|
|a text
|b txt
|2 rdacontent
|
| 337 |
|
|
|a unmediated
|b n
|2 rdamedia
|
| 338 |
|
|
|a volume
|b nc
|2 rdacarrier
|
| 505 |
0 |
|
|a v. 1-2. The man and his work.--v. 3. A tale of a tub. The case is altered. Every man in his humour. Every man out of his humour.--v. 4. Cynthia's revels. Poetaster. Sejanus. Eastward ho.--v. 5. Volpone, or The Fox. Epicoene, or The silent woman. The Alchemist. Catiline.--v. 6. Bartholomew Fair. The devil is an ass. The staple of news. The new inn. The magnetic lady.--v. 7. The sad shepherd. The fall of Mortimer. Masques and entertainments.--v. 8. The poems. The prose works.--v. 9. An historical survey of the text, the stage history of the plays, commentary on the plays.--v. 10. Play commentary, masque commentary.--v. 11. Commentary Jonson's Literary Record. Supplementary notes. Index.
|
| 600 |
1 |
0 |
|a Jonson, Ben,
|d 1573?-1637.
|
| 700 |
1 |
|
|a Herford, C. H.
|q (Charles Harold),
|d 1853-1931.
|
| 700 |
1 |
|
|a Simpson, Percy,
|d 1865-1962.
|
| 700 |
1 |
|
|a Simpson, Evelyn Mary Spearing,
|d 1885-1963.
|
| 999 |
|
|
|a MARS
|
| 999 |
f |
f |
|s 91254c40-45a8-3c26-a1ad-0d1d999b3d45
|i 5054c6f6-27be-3ef0-a19f-353f8451e022
|t 0
|
| 952 |
f |
f |
|p normal
|a Texas A&M University
|b College Station
|c Sterling C. Evans Library
|d Evans: Library Stacks
|t 0
|e PR2601 .H4
|h Library of Congress classification
|i unmediated -- volume
|k v.8
|m A14801297657
|
| 952 |
f |
f |
|p normal
|a Texas A&M University
|b College Station
|c Sterling C. Evans Library
|d Evans: Library Stacks
|t 0
|e PR2601 .H4
|h Library of Congress classification
|i unmediated -- volume
|k v.7
|m A14801297649
|
| 952 |
f |
f |
|p normal
|a Texas A&M University
|b College Station
|c Sterling C. Evans Library
|d Evans: Library Stacks
|t 0
|e PR2601 .H4
|h Library of Congress classification
|i unmediated -- volume
|k v.4
|m A14801297615
|
| 952 |
f |
f |
|p normal
|a Texas A&M University
|b College Station
|c Sterling C. Evans Library
|d Evans: Library Stacks
|t 0
|e PR2601 .H4
|h Library of Congress classification
|i unmediated -- volume
|k v.3
|m A14801297607
|
| 952 |
f |
f |
|p normal
|a Texas A&M University
|b College Station
|c Sterling C. Evans Library
|d Evans: Library Stacks
|t 0
|e PR2601 .H4
|h Library of Congress classification
|i unmediated -- volume
|k v.11
|m A14801297699
|
| 952 |
f |
f |
|p normal
|a Texas A&M University
|b College Station
|c Sterling C. Evans Library
|d Evans: Library Stacks
|t 0
|e PR2601 .H4
|h Library of Congress classification
|i unmediated -- volume
|k v.2
|m A14801297592
|
| 952 |
f |
f |
|p normal
|a Texas A&M University
|b College Station
|c Sterling C. Evans Library
|d Evans: Library Stacks
|t 0
|e PR2601 .H4
|h Library of Congress classification
|i unmediated -- volume
|k v.6
|m A14801297631
|
| 952 |
f |
f |
|p normal
|a Texas A&M University
|b College Station
|c Sterling C. Evans Library
|d Evans: Library Stacks
|t 0
|e PR2601 .H4
|h Library of Congress classification
|i unmediated -- volume
|k v.10
|m A14828128918
|
| 952 |
f |
f |
|p normal
|a Texas A&M University
|b College Station
|c Sterling C. Evans Library
|d Evans: Library Stacks
|t 0
|e PR2601 .H4
|h Library of Congress classification
|i unmediated -- volume
|k v.9
|m A14801297665
|
| 952 |
f |
f |
|p normal
|a Texas A&M University
|b College Station
|c Sterling C. Evans Library
|d Evans: Library Stacks
|t 0
|e PR2601 .H4
|h Library of Congress classification
|i unmediated -- volume
|k v.1
|m A14801297584
|
| 952 |
f |
f |
|p normal
|a Texas A&M University
|b College Station
|c Sterling C. Evans Library
|d Evans: Library Stacks
|t 0
|e PR2601 .H4
|h Library of Congress classification
|i unmediated -- volume
|k v.5
|m A14801297623
|
| 998 |
f |
f |
|a PR2601 .H4
|s v.1-11
|t 0
|l Evans: Library Stacks
|